000 00199nam a2200085 4500
001 1257659
005 20260218083540.0
245 _akayıp isimler krallığı
_cfigen yaman coşar
260 _berdem genç
999 _c1257659
_d1257659